| 000 | 00757nam a2200205 a 4500 | ||
|---|---|---|---|
| 003 | 0 | ||
| 005 | 20250619143307.0 | ||
| 008 | 021128s19uu xx 00 eng d | ||
| 050 |
_aPGS SF 411 _b.C559 2000 |
||
| 100 | _aChua, Hannah Ruth Q. | ||
| 245 |
_aPerceptions of the grade three student of Southville International School on the ownership of pets / _cHannah Ruth Q. Chua. |
||
| 260 |
_aLas PiƱas City, Philippines : _bSouthville International School and Colleges, _c2000. |
||
| 300 |
_a20 pages : _billustrations ; _c28 cm. |
||
| 504 | _aIncludes bibliographical references. | ||
| 650 | _aPets. | ||
| 650 |
_aPets _vOwnership. |
||
| 650 |
_aElementary school students _vAttitudes. |
||
| 650 | _aHuman-animal relationships. | ||
| 942 |
_2lcc _cPASS |
||
| 999 |
_c96403 _d96403 |
||